Nuevas etapas en el desarrollo de la democracia sovietica /

Spremljeno u:
Bibliografski detalji
Glavni autor: Teleguin, Valeri
Format: Tekst
Oznake: Dodaj oznaku
Bez oznaka, Budi prvi tko označuje ovaj zapis!

MARC

LEADER 00000 a a2200000 04500
001 47023
003
040
100 |a Teleguin, Valeri  
245 |a Nuevas etapas en el desarrollo de la democracia sovietica /  |c Valeri Teleguin  
773 |g volumen6, número95, (1981), páginas 55-62  
999 |c 25066  |d 25066